Visual Quickstart Guide.SQL / (Record no. 11464)

MARC details
000 -LEADER
fixed length control field 01081cam a2200289 a 4500
001 - CONTROL NUMBER
control field 15369255
005 - DATE AND TIME OF LATEST TRANSACTION
control field 20080909154119.0
008 - FIXED-LENGTH DATA ELEMENTS--GENERAL INFORMATION
fixed length control field 080716s2008 caua 001 0 eng
010 ## - LIBRARY OF CONGRESS CONTROL NUMBER
LC control number 2008274673
020 ## - INTERNATIONAL STANDARD BOOK NUMBER
International Standard Book Number 9780321553577 (pbk.)
020 ## - INTERNATIONAL STANDARD BOOK NUMBER
International Standard Book Number 0321553578 (pbk.)
040 ## - CATALOGING SOURCE
Original cataloging agency DLC
Transcribing agency DLC
Modifying agency DLC
050 00 - LIBRARY OF CONGRESS CALL NUMBER
Classification number QA76.73.S67
Item number F445 2008
082 ## - DEWEY DECIMAL CLASSIFICATION NUMBER
Edition number 22
Classification number 005.7565
Item number FEH
100 1# - MAIN ENTRY--PERSONAL NAME
Personal name Fehily, Chris.
9 (RLIN) 4455
245 10 - TITLE STATEMENT
Title Visual Quickstart Guide.SQL /
Statement of responsibility, etc Chris Fehily.
250 ## - EDITION STATEMENT
Edition statement 3rd ed.
260 ## - PUBLICATION, DISTRIBUTION, ETC. (IMPRINT)
Place of publication, distribution, etc Berkeley, CA :
Name of publisher, distributor, etc Peachpit Press,
Date of publication, distribution, etc c2008.
300 ## - PHYSICAL DESCRIPTION
Extent xx, 483 p. :
Other physical details ill. ;
Dimensions 23 cm.
490 0# - Series Statement
Series statement Visual quickstart guide
500 ## - GENERAL NOTE
General note Includes index.
650 #0 - SUBJECT ADDED ENTRY--TOPICAL TERM
Topical term or geographic name as entry element SQL (Computer program language)
9 (RLIN) 4456
856 41 - ELECTRONIC LOCATION AND ACCESS
Materials specified Table of contents only
Uniform Resource Identifier <a href="http://www.loc.gov/catdir/toc/fy0805/2008274673.html">http://www.loc.gov/catdir/toc/fy0805/2008274673.html</a>
942 ## - ADDED ENTRY ELEMENTS (KOHA)
Source of classification or shelving scheme Dewey Decimal Classification
Item type Book - Borrowing
Holdings
Withdrawn status Item status Source of classification or shelving scheme Damaged status Not for loan Vendor Home library Current library Shelving location Date acquired Source of acquisition Cost, normal purchase price Serial Enumeration / chronology Total Checkouts Total Renewals Full call number Barcode Date last seen Date last borrowed Koha item type
    Dewey Decimal Classification     Alahram Central Library Central Library Lower Floor 29/04/2009   171.00 374 2 9 005.7565 FEH 000016005 15/07/2025 09/11/2016 Book - Borrowing